Δυναμική της βιομάζας ζωοπλαγκτού σε κλειστό θαλάσσιο οικοσύστημα : η περίπτωση του κόλπου Καλλονής νήσου Λέσβου : διατριβή εξειδίκευσης
Saved in:
| Main Author: | |
|---|---|
| Corporate Author: | |
| Format: | Thesis Book |
| Language: | Greek |
| Published: |
2007.
|
| Subjects: | |
| Online Access: | http://hdl.handle.net/11610/11586 |
| Tags: |
Add Tag
No Tags, Be the first to tag this record!
|
MARC
| LEADER | 00000cam a2200000 i 4500 | ||
|---|---|---|---|
| 001 | 1/1251 | ||
| 008 | 090903s2007 gr | ||| |||| ||gre|| | ||
| 035 | |l 10105529 | ||
| 040 | |a GR-MyUa |b gre |e AACR2 | ||
| 041 | 0 | |a gre | |
| 082 | 7 | |a 577.77 |2 (22) | |
| 100 | 1 | |a Μπέλεση, Δέσποινα Κ. | |
| 245 | 1 | 0 | |a Δυναμική της βιομάζας ζωοπλαγκτού σε κλειστό θαλάσσιο οικοσύστημα : |b η περίπτωση του κόλπου Καλλονής νήσου Λέσβου : διατριβή εξειδίκευσης / |c Μπέλεση Δέσποινα ; επιβλέπων καθηγητής: Γεώργιος Τσιρτσής. |
| 260 | |c 2007. | ||
| 300 | |a 90 σ. : |b πιν. ; |c 30 εκ. | ||
| 502 | |a Διατριβή (μεταπτυχιακή) – Πανεπιστήμιο Αιγαίου, Λέσβος, 2007. | ||
| 504 | |a Βιβλιογραφία: σ. 89-90. | ||
| 650 | 0 | |a Marine biological diversity |z Greece |z Kallone (Lesbos Island) | |
| 650 | 0 | |a Zooplankton |x Ecology. | |
| 650 | 0 | |a Plankton |z Greece |z Kallone (Lesbos Island) | |
| 650 | 0 | |a Marine ecology |z Greece |z Kallone (Lesbos Island) | |
| 650 | 0 | |a Dissertations, Academic |z Greece. | |
| 700 | 1 | |a Τσιρτσής, Γεώργιος Ε. |e dgs | |
| 710 | 2 | |a Πανεπιστήμιο Αιγαίου |b Σχολή Περιβάλλοντος |b Τμήμα Επιστημών της Θάλασσας |b Πρόγραμμα Μεταπτυχιακών Σπουδών Διαχείριση Παράκτιων Περιοχών. | |
| 852 | |a INST |b LESVOS |c DIATR |e 20090903 |h 117 |p 005100046699 |q 005100046699 |t MTXE |y 23 | ||
| 852 | |a INST |b LESVOS |c DIATR |e 20090903 |h 118 |p 005100046700 |q 005100046700 |t MTXE |y 23 | ||
| 856 | |u http://hdl.handle.net/11610/11586 | ||
| 901 | |a BIBL1-2009-3 | ||
| 924 | |a Μπέλεση |b Δέσποινα |y Λέσβος |z 2007-11 | ||
| 970 | |a ΤΖΑΦΕΡΗ |b ΕΥΑΓΓΕΛΙΑ |z 2009/09/03 | ||